| 000 | 00920pam a2200325 a 4500 | ||
|---|---|---|---|
| 999 |
_c1109 _d1109 |
||
| 001 | 014903673 | ||
| 003 | Uk | ||
| 005 | 20211008091732.0 | ||
| 008 | 090122s2009 enka 001 0 eng d | ||
| 015 |
_aGBA915083 _2bnb |
||
| 016 | 7 |
_a014903673 _2Uk |
|
| 020 | _a9780500514719 (hbk.) : | ||
| 020 | _a0500514712 (hbk.) : | ||
| 040 |
_aStDuBDS _beng _cStDuBDS _dUk |
||
| 042 | _aukblcatcopy | ||
| 082 | 0 | 4 |
_a551.420 CON _222 |
| 100 | 1 |
_aConrad, Peter, _d1948- |
|
| 245 | 1 | 0 |
_aIslands : _ba trip through time and space / _cPeter Conrad. |
| 260 |
_aLondon : _bThames & Hudson, _c2009. |
||
| 300 |
_a192 p. : _bill. ; _c23 cm. |
||
| 336 |
_atext _2rdacontent |
||
| 337 |
_aunmediated _2rdamedia |
||
| 338 |
_avolume _2rdacarrier |
||
| 500 | _aIncludes index. | ||
| 500 |
_aFormerly CIP. _5Uk |
||
| 650 | 0 | _aIslands. | |
| 650 | 0 |
_aIslands _xPhilosophy. |
|
| 650 | 0 |
_aIslands _xPsychological aspects. |
|
| 942 |
_2ddc _cNFIC |
||